| 000 | 01424nab a22002537a 4500 | ||
|---|---|---|---|
| 999 |
_c6471 _d6471 |
||
| 003 | OSt | ||
| 005 | 20260210091719.0 | ||
| 008 | 190506c xxu||||| |||| 00| 0 spa d | ||
| 040 | _cPJ | ||
| 100 |
_97089 _aPeliza, Eleonora |
||
| 245 | 1 | 0 |
_aViolencia y acoso laboral. Situación actual en la República Argentina / _cEleonora Peliza, Carolina Hita. |
| 260 |
_aBuenos Aires : _bAbeledoPerrot, _c2025. |
||
| 300 | _ap. 26-37 | ||
| 500 | _aCita: TR LALEY AR/DOC/234/2025. | ||
| 505 | _aSumario: I. Introducción.— II. Adopción del Convenio Nro. 190 y su recomendación por la República Argentina.— III. Análisis actual de la violencia laboral en Argentina. Sectores vulnerables.— IV. La particular situación de la comunidad LGTBI+.— V. Políticas públicas y privadas para la erradicación de la violencia y el acoso. El rol del servicio de justicia.— VI. La sanción de la ley 27.742 (Ley Bases) y el Convenio 190.— VII. Recomendaciones y conclusiones.— VIII. Bibliografía. | ||
| 505 | _t¿Te interesa el texto completo? Comunicate al correo: koha@justierradelfuego.gov.ar | ||
| 650 | 0 |
_91316 _aDERECHO LABORAL |
|
| 650 | 0 |
_9289 _aCONTRATO DE TRABAJO |
|
| 650 | 0 |
_aACOSO SEXUAL _95731 |
|
| 650 | 0 |
_aMOBBING _91578 |
|
| 700 |
_97090 _aHita, Carolina |
||
| 773 | 0 |
_02751 _93202 _dBuenos Aires : AbeledoPerrot, 2013- _tRevista de derecho laboral y seguridad social. Nº 6 - Marzo 2025 |
|
| 942 |
_2udc _cANA |
||